00954nam a2200241 a 450000100060000000300080000600500170001400800410003103500200007204000350009204100080012708200240013510000250015924502000018426000720038430000400045650200770049650400330057365000230060665000240062965000250065370000340067878588BD-RjUL20211209083139.0211018s2005 bg a|||| m||| 00| 0 eng d a(BD-RjUL) 78814 aBD-RjULbengcBD-RjULdBD-RjUL aeng a155.5bHUD 2005223 aHuq, Sultana. zakiya10aDepressive Affects Of Students At Secondary And Higher Secondary Levels Of Eduction As Related To SEx, Residence And Socio-Economic Status /cby Sultana Zakiya Huq ;6Supervisor : Md. Abdul Latif aRajshahi :bDepartment of Psychology, University of Rajshahi,c2005 axviii, 278 leaves :bill. ;c29 cm. aThesis (Ph. D.) -- Department of Psychology, University of Rajshahi,2005 aReference : Leaves 182 - 265 aDepression, Mental aAffective disorders aStudentsxPsychology aLatif, Md. Abdul, Supervisor.